[Event "Junior Online 4NCL Division 4"]
[Site "online"]
[Date "2020.11.12"]
[Round "7.227"]
[White "Gascoyne, Thomas"]
[Black "Dalah, Jacob"]
[Result "1-0"]
[WhiteElo "1187"]
[BlackElo "1037"]
[PlyCount "101"]
[EventDate "2020.11.12"]
[WhiteTeam "Ojays G"]
[BlackTeam "May The Fork Be With You 6"]

1. e4 e5 2. Nf3 Nc6 3. Bc4 Be7 4. O-O Nf6 5. d3 O-O 6. Nc3 d6 7. h3 Be6 8. Bb3
Na5 9. Bg5 Nxb3 10. axb3 h6 11. Be3 d5 12. d4 dxe4 13. Nd2 exd4 14. Bxd4 c5 15.
Bxf6 Bxf6 16. Ndxe4 Bxc3 17. bxc3 Qxd1 18. Rfxd1 Rad8 19. Nxc5 Rxd1+ 20. Rxd1
b6 21. Nxe6 fxe6 22. c4 Rc8 23. Rd7 a6 24. Rd6 b5 25. Rxa6 bxc4 26. bxc4 Rxc4
27. Rxe6 Rxc2 28. f4 Kf7 29. Re5 Rc1+ 30. Kh2 Kf6 31. Rd5 Ke6 32. Re5+ Kf6 33.
g4 g5 34. Rf5+ Kg6 35. fxg5 hxg5 36. Kg3 Rc3+ 37. Rf3 Rc1 38. h4 gxh4+ 39. Kxh4
Rh1+ 40. Kg3 Kg5 41. Rf5+ Kg6 42. Kg2 Rh4 43. Rf4 Kg5 44. Kg3 Rh1 45. Rf5+ Kg6
46. Kf4 Rh4 47. Rg5+ Kh6 48. Kf5 Rh1 49. Kf6 Rf1+ 50. Rf5 Rg1 51. Rh5# 1-0

[Event "Junior Online 4NCL Division 4"]
[Site "online"]
[Date "2020.11.12"]
[Round "7.228"]
[White "Bengani, Arihant"]
[Black "Conlon, George"]
[Result "1-0"]
[WhiteElo "1075"]
[BlackElo "1120"]
[PlyCount "37"]
[EventDate "2020.11.12"]
[WhiteTeam "May The Fork Be With You 6"]
[BlackTeam "Ojays G"]

1. e4 d5 2. exd5 Nf6 3. Nc3 Nxd5 4. Nxd5 Qxd5 5. Nf3 Bg4 6. Be2 Qh5 7. d3 Qa5+
8. Bd2 Qh5 9. Bf4 Nc6 10. O-O e5 11. Bg3 O-O-O 12. h3 e4 13. hxg4 Qxg4 14. Ne5
Qf5 15. Nxc6 bxc6 16. Bg4 Qxg4 17. Qxg4+ Rd7 18. Qxe4 Bc5 19. Qc4 1-0

[Event "Junior Online 4NCL Division 4"]
[Site "online"]
[Date "2020.11.12"]
[Round "7.231"]
[White "Patel, Rohan"]
[Black "Ward-Murphy, Nicolas"]
[Result "1-0"]
[WhiteElo "1037"]
[BlackElo "900"]
[PlyCount "69"]
[EventDate "2020.11.12"]
[WhiteTeam "May The Fork Be With You 8"]
[BlackTeam "Coldfall Knights"]

1. e4 e5 2. Nf3 Nc6 3. Bc4 Bc5 4. O-O Nf6 5. Nc3 O-O 6. d3 d6 7. h3 Be6 8. Be3
Bxc4 9. dxc4 Nd4 10. a3 Qd7 11. Nxd4 exd4 12. Bxd4 Bxd4 13. Qxd4 Rae8 14. Rae1
h6 15. Nb5 Qc6 16. Nxa7 Qa6 17. Nb5 Qc6 18. e5 dxe5 19. Rxe5 Rxe5 20. Qxe5 Nd7
21. Qc3 Re8 22. a4 Nb6 23. b3 Qd6 24. Nxd6 Re6 25. Nxb7 Nc8 26. Re1 Rg6 27.
Re8+ Kh7 28. Rxc8 Rd6 29. Nxd6 g5 30. Nxf7 Kg6 31. Ne5+ Kf5 32. Rf8+ Ke6 33.
Re8+ Kf6 34. Qf3+ Kg7 35. Qf7# 1-0

[Event "Junior Online 4NCL Division 4"]
[Site "online"]
[Date "2020.11.12"]
[Round "7.232"]
[White "Minhas, Salar"]
[Black "Tulsiani, Aarav"]
[Result "1-0"]
[WhiteElo "880"]
[BlackElo "970"]
[PlyCount "31"]
[EventDate "2020.11.12"]
[WhiteTeam "Coldfall Knights"]
[BlackTeam "May The Fork Be With You 8"]

1. e4 e5 2. Bc4 Nf6 3. Nc3 Nc6 4. Nf3 Bc5 5. d3 d6 6. h3 Bd7 7. Bd2 O-O 8. O-O
Qe8 9. Qe1 Nh5 10. Be3 Bxe3 11. Qxe3 Rd8 12. Nh4 Qe7 13. Nf5 Qe8 14. g4 Nf6 15.
Qg5 h6 16. Qxg7# 1-0

[Event "Junior Online 4NCL Division 4"]
[Site "online"]
[Date "2020.11.12"]
[Round "7.234"]
[White "Corrall, Ruby"]
[Black "Subramonian, Ananya"]
[Result "1-0"]
[WhiteElo "900"]
[BlackElo "887"]
[PlyCount "115"]
[EventDate "2020.11.12"]
[WhiteTeam "Coldfall Knights"]
[BlackTeam "May The Fork Be With You 8"]

1. d4 e5 2. dxe5 Nc6 3. Nf3 Qe7 4. Bf4 Qb4+ 5. Nc3 Qxb2 6. Rc1 Bb4 7. Bd2 Nge7
8. Ne4 Ba3 9. Rb1 Qxa2 10. e3 O-O 11. Nfg5 h6 12. Nh3 Nxe5 13. Ra1 Qb2 14. Bc3
Bb4 15. Bxb4 Qxb4+ 16. Nd2 d6 17. Be2 Bf5 18. Nf4 Qb2 19. O-O N5c6 20. Nc4 Qf6
21. Bd3 Bd7 22. Rc1 Qg5 23. c3 Qh4 24. Bc2 d5 25. Qd3 g6 26. Nd2 Ne5 27. Qd4
N7c6 28. g3 Qg4 29. f3 Nxf3+ 30. Nxf3 Nxd4 31. cxd4 Bb5 32. Rf2 a5 33. Rcf1 Ra6
34. Re1 c6 35. Bd1 Qf5 36. Be2 Ba4 37. Bxa6 bxa6 38. h3 Qe4 39. Ra1 Bb3 40. Nd2
Bc2 41. Nxe4 Bxe4 42. Re2 Bf3 43. Rf2 Be4 44. Rxa5 f5 45. Rxa6 Rc8 46. Nxg6 h5
47. Ne7+ Kf7 48. Nxc8 Ke8 49. Rxc6 Kd7 50. Rc5 Kd8 51. g4 hxg4 52. hxg4 fxg4
53. Rf7 g3 54. Rc6 g2 55. Rh6 Ke8 56. Ra7 Bh7 57. Rhxh7 Kd8 58. Rh8# 1-0

[Event "Junior Online 4NCL Division 4"]
[Site "online"]
[Date "2020.11.12"]
[Round "7.235"]
[White "Ward-Murphy, Nicolas"]
[Black "Patel, Rohan"]
[Result "0-1"]
[WhiteElo "900"]
[BlackElo "1037"]
[PlyCount "66"]
[EventDate "2020.11.12"]
[WhiteTeam "Coldfall Knights"]
[BlackTeam "May The Fork Be With You 8"]

1. e4 e5 2. Nf3 Nc6 3. Bc4 Be7 4. d3 h6 5. h3 Nf6 6. a3 O-O 7. O-O d5 8. exd5
Nxd5 9. Nc3 Nxc3 10. bxc3 Be6 11. d4 Bxc4 12. Re1 exd4 13. cxd4 Bf6 14. Nd2
Bxd4 15. Rb1 Ba2 16. Rb5 a6 17. Rf5 Be6 18. Rfe5 Nxe5 19. Nc4 Nxc4 20. Re4
Bxf2+ 21. Kxf2 Qxd1 22. Bf4 Qxc2+ 23. Kg3 Qxe4 24. Bc1 Qe1+ 25. Kh2 Qxc1 26.
Kg3 f5 27. a4 f4+ 28. Kh2 Rad8 29. a5 f3 30. g3 f2 31. Kg2 Qe1 32. h4 f1=Q+ 33.
Kh2 Qef2# 0-1

[Event "Junior Online 4NCL Division 4"]
[Site "online"]
[Date "2020.11.12"]
[Round "7.236"]
[White "Tulsiani, Aarav"]
[Black "Minhas, Salar"]
[Result "0-1"]
[WhiteElo "970"]
[BlackElo "880"]
[PlyCount "34"]
[EventDate "2020.11.12"]
[WhiteTeam "May The Fork Be With You 8"]
[BlackTeam "Coldfall Knights"]

1. e4 e6 2. Nf3 d5 3. Nc3 dxe4 4. Nxe4 Nf6 5. d3 Bd6 6. Bg5 h6 7. Bh4 g5 8. Bg3
e5 9. Bxe5 Bxe5 10. Nxe5 Nxe4 11. Qf3 Qf6 12. Qxe4 Bf5 13. Qd5 Nd7 14. Nxf7
Qxf7 15. d4 Qxd5 16. O-O-O Qc6 17. d5 Qxc2# 0-1

[Event "Junior Online 4NCL Division 4"]
[Site "online"]
[Date "2020.11.12"]
[Round "7.237"]
[White "Haga, Viktor"]
[Black "Szajman, Adam"]
[Result "1/2-1/2"]
[WhiteElo "900"]
[BlackElo "962"]
[PlyCount "135"]
[EventDate "2020.11.12"]
[WhiteTeam "Coldfall Knights"]
[BlackTeam "May The Fork Be With You 8"]

1. e4 e6 2. d4 d5 3. exd5 exd5 4. Nf3 Bd6 5. Qe2+ Qe7 6. Nc3 Qxe2+ 7. Bxe2 Nf6
8. Bg5 Be6 9. Bxf6 gxf6 10. O-O Nc6 11. Bd3 O-O-O 12. Nh4 Nxd4 13. Nb5 Nxb5 14.
Bxb5 a6 15. Bd3 Rhg8 16. Bxh7 Rg4 17. Nf3 Rh8 18. h3 Rc4 19. Nd2 Rxc2 20. Bxc2
b5 21. Nb3 Be5 22. Nc5 Re8 23. Nxa6 Bxb2 24. Rab1 Kb7 25. Rxb2 Kxa6 26. Bd3 Rb8
27. a4 c6 28. Ra1 Kb6 29. axb5 cxb5 30. Rxb5+ Kc7 31. Ra2 Rxb5 32. Bxb5 d4 33.
Rd2 Kb6 34. Bd3 Kc5 35. Bh7 f5 36. Rc2+ Kd5 37. Bg8 d3 38. Rd2 Kd4 39. Kf1 f4
40. f3 Bc4 41. h4 Ke3 42. Rd1 d2+ 43. Kg1 Ke2 44. Rxd2+ Kxd2 45. h5 Ke3 46. h6
Bd3 47. Bxf7 Bh7 48. Kh2 Kf2 49. Kh3 Kg1 50. g3 Bf5+ 51. g4 Bh7 52. Kh4 Kg2 53.
Kg5 Kxf3 54. Bg6 Bg8 55. Bf7 Bh7 56. Kf6 Kxg4 57. Kg7 Bf5 58. h7 Bxh7 59. Kxh7
f3 60. Bd5 f2 61. Bc4 Kf3 62. Kg6 Ke4 63. Ba6 Ke3 64. Kg5 Kf3 65. Kh4 Kg2 66.
Kg4 Kg1 67. Kf3 f1=Q+ 68. Bxf1 1/2-1/2

[Event "Junior Online 4NCL Division 4"]
[Site "online"]
[Date "2020.11.12"]
[Round "7.238"]
[White "Subramonian, Ananya"]
[Black "Corrall, Ruby"]
[Result "0-1"]
[WhiteElo "887"]
[BlackElo "900"]
[PlyCount "52"]
[EventDate "2020.11.12"]
[WhiteTeam "May The Fork Be With You 8"]
[BlackTeam "Coldfall Knights"]

1. e4 e5 2. Nf3 Nc6 3. Bc4 Bc5 4. Ng5 Qxg5 5. d4 Qxg2 6. Rf1 Bxd4 7. Qh5 g6 8.
Qh4 Nb4 9. Na3 Bc5 10. b3 Qf3 11. Bb2 Bd4 12. c3 Bxc3+ 13. Bxc3 Qxc3+ 14. Ke2
Qb2+ 15. Kd1 Qxa1+ 16. Ke2 Qb2+ 17. Kd1 Qxa3 18. Re1 Qxa2 19. Re3 Qc2+ 20. Ke1
Ne7 21. Qh5 gxh5 22. Rf3 Nec6 23. Bxf7+ Kd8 24. Bxh5 Nd4 25. Re3 Nd3+ 26. Kf1
Qxf2# 0-1

[Event "Junior Online 4NCL Division 4"]
[Site "online"]
[Date "2020.11.12"]
[Round "7.242"]
[White "Sasikumar, Navaneeth"]
[Black "Chaudhury, Raunak"]
[Result "1-0"]
[WhiteElo "1300"]
[BlackElo "100"]
[PlyCount "27"]
[EventDate "2020.11.12"]
[WhiteTeam "Leeds Juniors 1"]
[BlackTeam "East Kilbride Elephants"]

1. d4 d5 2. Bf4 Nf6 3. Nf3 Bf5 4. e3 Nc6 5. Bd3 e6 6. Bxf5 Bb4+ 7. c3 Be7 8.
Bd3 O-O 9. Nbd2 e5 10. Nxe5 Nxe5 11. dxe5 Ng4 12. Qxg4 Bc5 13. Qh3 a5 14. Qxh7#
1-0

[Event "Junior Online 4NCL Division 4"]
[Site "online"]
[Date "2020.11.12"]
[Round "7.243"]
[White "Pandey, Annie"]
[Black "Yerabati, Suhrith"]
[Result "0-1"]
[WhiteElo "100"]
[BlackElo "1262"]
[PlyCount "44"]
[EventDate "2020.11.12"]
[WhiteTeam "East Kilbride Elephants"]
[BlackTeam "Leeds Juniors 1"]

1. e4 c6 2. d4 d5 3. Nc3 dxe4 4. Nxe4 Bf5 5. Ng5 Qa5+ 6. Bd2 Qb6 7. Be2 Qxb2 8.
Rb1 Qxd4 9. Bh5 Bg6 10. N1f3 Qd7 11. Nd4 Qxd4 12. c3 Qe5+ 13. Kf1 Bxb1 14. Qxb1
g6 15. f4 Qd5 16. Qxb7 Qb5+ 17. c4 Qxb7 18. Bf3 Qb1+ 19. Bd1 Qxd1+ 20. Be1 e5
21. h4 Bb4 22. Rh3 Qxe1# 0-1

[Event "Junior Online 4NCL Division 4"]
[Site "online"]
[Date "2020.11.12"]
[Round "7.246"]
[White "Chaudhury, Raunak"]
[Black "Sasikumar, Navaneeth"]
[Result "0-1"]
[WhiteElo "100"]
[BlackElo "1300"]
[PlyCount "48"]
[EventDate "2020.11.12"]
[WhiteTeam "East Kilbride Elephants"]
[BlackTeam "Leeds Juniors 1"]

1. e4 c6 2. Nc3 d5 3. e5 Bf5 4. Nf3 e6 5. d4 c5 6. dxc5 Bxc5 7. Bf4 Nc6 8. h3
Qb6 9. g4 Bxf2+ 10. Kd2 Be4 11. Rh2 Bxf3 12. Rxf2 Bxd1 13. Rxd1 Qxf2+ 14. Kc1
Qxf4+ 15. Kb1 O-O-O 16. Ne2 Qb4 17. c3 Qb6 18. Rd4 Nxd4 19. Nxd4 Ne7 20. Ne2 d4
21. Nxd4 Rxd4 22. cxd4 Qxd4 23. Be2 Qd2 24. Bd1 Qxd1# 0-1

[Event "Junior Online 4NCL Division 4"]
[Site "online"]
[Date "2020.11.12"]
[Round "7.247"]
[White "Yerabati, Suhrith"]
[Black "Pandey, Annie"]
[Result "1-0"]
[WhiteElo "1262"]
[BlackElo "100"]
[PlyCount "41"]
[EventDate "2020.11.12"]
[WhiteTeam "Leeds Juniors 1"]
[BlackTeam "East Kilbride Elephants"]

1. e4 e5 2. Nf3 Nf6 3. Nxe5 Nxe4 4. Qe2 Qe7 5. Qxe4 Nc6 6. Nc3 Nxe5 7. d3 Qh4
8. Qxh4 Nf3+ 9. gxf3 Bb4 10. Qxb4 d6 11. Qe4+ Be6 12. Bh3 O-O-O 13. Bxe6+ fxe6
14. Qxe6+ Kb8 15. O-O Rhe8 16. Qb3 Rc8 17. Be3 Re6 18. Qxe6 g5 19. Nb5 h5 20.
Bxa7+ Ka8 21. Qxc8# 1-0

[Event "Junior Online 4NCL Division 4"]
[Site "online"]
[Date "2020.11.12"]
[Round "7.251"]
[White "Baker, Luke"]
[Black "Mangalagiri, Pranav"]
[Result "0-1"]
[WhiteElo "1000"]
[BlackElo "970"]
[PlyCount "52"]
[EventDate "2020.11.12"]
[WhiteTeam "Surrey Kings 4"]
[BlackTeam "Uxbridge Juniors C"]

1. e4 c5 2. Nf3 d5 3. exd5 Qxd5 4. Nc3 Qd6 5. Bb5+ Bd7 6. Bxd7+ Nxd7 7. Ne4 Qc6
8. d3 Ngf6 9. Nxf6+ Nxf6 10. d4 e6 11. Be3 O-O-O 12. Ne5 Qxg2 13. Kd2 cxd4 14.
Bf4 Qe4 15. Re1 Qxf4+ 16. Kd3 Qxf2 17. Nxf7 Qf5+ 18. Kd2 Ne4+ 19. Rxe4 Qxf7 20.
Kc1 Bc5 21. Re5 Bb6 22. Rb5 Qf4+ 23. Kb1 Qxh2 24. Rxb6 axb6 25. c3 dxc3 26. Qg4
Qxb2# 0-1

[Event "Junior Online 4NCL Division 4"]
[Site "online"]
[Date "2020.11.12"]
[Round "7.252"]
[White "Bommi, Praneeth"]
[Black "Ambrose, Daniel"]
[Result "1-0"]
[WhiteElo "887"]
[BlackElo "925"]
[PlyCount "23"]
[EventDate "2020.11.12"]
[WhiteTeam "Uxbridge Juniors C"]
[BlackTeam "Surrey Kings 4"]

1. e3 e5 2. b3 d5 3. Bb2 Nc6 4. Nf3 Qe7 5. d4 e4 6. Ne5 Qb4+ 7. Nd2 Qa5 8. b4
Qxb4 9. Ba3 Qxa3 10. Qh5 Qa5 11. Qxf7+ Kd8 12. Qxf8# 1-0

[Event "Junior Online 4NCL Division 4"]
[Site "online"]
[Date "2020.11.12"]
[Round "7.253"]
[White "Chun, Louis"]
[Black "Bhargava, Aarav"]
[Result "0-1"]
[WhiteElo "1000"]
[BlackElo "857"]
[PlyCount "106"]
[EventDate "2020.11.12"]
[WhiteTeam "Surrey Kings 4"]
[BlackTeam "Uxbridge Juniors C"]

1. e4 e5 2. Nf3 Nc6 3. Bc4 Nf6 4. d3 Qe7 5. Nc3 d6 6. Bg5 h6 7. Bh4 g5 8. Nd5
Nxd5 9. Bxd5 Nb4 10. Bg3 Nxd5 11. exd5 c6 12. dxc6 b6 13. O-O Qc7 14. Qd2 Qxc6
15. d4 exd4 16. Qxd4 Qxc2 17. Qxh8 Ba6 18. Qxh6 Bxf1 19. Qxg5 Bd3 20. Qe3+ Be4
21. Ng5 f6 22. Nxe4 Qxb2 23. Rc1 Qxa2 24. Nxf6+ Kf7 25. Qc3 Bg7 26. Qc7+ Kxf6
27. Qxd6+ Kf7 28. Qc7+ Kf6 29. Qc6+ Kf7 30. Qxa8 Bh6 31. Qxa7+ Qxa7 32. Rc7+
Qxc7 33. Bxc7 b5 34. Bd6 Ke6 35. Bf4 b4 36. Kf1 Bxf4 37. Ke1 b3 38. Kd1 b2 39.
Kc2 Be5 40. Kb1 Kd5 41. g4 Ke6 42. h4 Kf6 43. g5+ Kg6 44. Ka2 Kh5 45. Kb1 Kxh4
46. g6 Kg5 47. g7 Bxg7 48. f3 Kf4 49. Kc2 Kxf3 50. Kb1 Ke3 51. Kc2 Ke2 52. Kb1
Kd2 53. Ka2 Kc1 0-1

[Event "Junior Online 4NCL Division 4"]
[Site "online"]
[Date "2020.11.12"]
[Round "7.255"]
[White "Mangalagiri, Pranav"]
[Black "Baker, Luke"]
[Result "1-0"]
[WhiteElo "970"]
[BlackElo "1000"]
[PlyCount "113"]
[EventDate "2020.11.12"]
[WhiteTeam "Uxbridge Juniors C"]
[BlackTeam "Surrey Kings 4"]

1. e4 e5 2. Nf3 Nf6 3. Nxe5 Nxe4 4. d3 Nf6 5. Bg5 d6 6. Bxf6 Qxf6 7. Nf3 Bg4 8.
Be2 Qe7 9. Nd4 Bxe2 10. Nxe2 Nc6 11. O-O O-O-O 12. Nbc3 Qe5 13. Ng3 d5 14. Qg4+
f5 15. Qxf5+ Qxf5 16. Nxf5 g6 17. Ne3 Bc5 18. Nexd5 Bd4 19. Kh1 Bxc3 20. Nxc3
Nb4 21. Rac1 Rhe8 22. a3 Nd5 23. Nxd5 Rxd5 24. f4 Rf8 25. g3 a6 26. Rcd1 Kb8
27. c4 Rc5 28. Rfe1 b5 29. cxb5 Rxb5 30. b4 a5 31. bxa5 Rxa5 32. Ra1 Rd5 33.
Re3 Rc5 34. d4 Rc2 35. Re7 h5 36. Rg7 Rd8 37. Rxg6 Rxd4 38. Rg5 Rcd2 39. Rb1+
Kc8 40. Rxh5 Ra4 41. Rh8+ Kd7 42. Rb3 Re4 43. Rb1 Ke7 44. Rf1 Ree2 45. f5 c5
46. f6+ Kf7 47. Rh7+ Kf8 48. f7 c4 49. Rh8+ Ke7 50. f8=Q+ Ke6 51. Qe8+ Kd5 52.
Qb5+ Kd4 53. Rd8+ Ke3 54. Rxd2 Rxd2 55. Qxc4 Rd4 56. Re1+ Kf2 57. Qe2# 1-0

[Event "Junior Online 4NCL Division 4"]
[Site "online"]
[Date "2020.11.12"]
[Round "7"]
[White "Ambrose, Daniel"]
[Black "Bommi, Praneeth"]
[Result "0-1"]
[WhiteElo "925"]
[BlackElo "887"]
[PlyCount "64"]
[EventDate "2020.11.12"]
[WhiteTeam "Surrey Kings 4"]
[BlackTeam "Uxbridge Juniors C"]

1. e4 e6 2. Qg4 Qf6 3. Bc4 Bc5 4. f3 Nh6 5. Qg3 Bd6 6. e5 Bxe5 7. Qf2 Bxb2 8.
Bxb2 Qxb2 9. Nc3 Qxa1+ 10. Ke2 Qb2 11. Qc5 Na6 12. Qb5 Qxb5 13. Bxb5 Nb4 14.
Kd1 Nf5 15. a3 Nd5 16. g4 Nd4 17. Nge2 Nxf3 18. Rf1 Nxh2 19. Rh1 Nxg4 20. Rg1
h5 21. Ne4 f5 22. Ng5 h4 23. Rg2 h3 24. Rh2 Nxh2 25. Nd4 Ng4 26. Ndxe6 h2 27.
Nxc7+ Ke7 28. Nxa8 h1=Q+ 29. Ke2 Rh2+ 30. Kd3 Qf1+ 31. Kd4 Qxb5 32. Nc7 Nxc7
0-1

[Event "Junior Online 4NCL Division 4"]
[Site "online"]
[Date "2020.11.12"]
[Round "7.1"]
[White "Bhargava, Aarav"]
[Black "Chun, Louis"]
[Result "1-0"]
[WhiteElo "857"]
[BlackElo "1000"]
[PlyCount "20"]
[EventDate "2020.11.12"]
[WhiteTeam "Uxbridge Juniors C"]
[BlackTeam "Surrey Kings 4"]

1. e4 e5 2. Nf3 Nc6 3. Bc4 Nf6 4. O-O Nxe4 5. Re1 Nf6 6. Nxe5 Nxe5 7. Rxe5+ Be7
8. Bb3 Ng4 9. Qxg4 d6 10. Qxg7 dxe5 1-0

[Event "Junior Online 4NCL Division 4"]
[Site "online"]
[Date "2020.11.12"]
[Round "7.5"]
[White "Bass, Finn"]
[Black "Pearson, Matt D"]
[Result "1-0"]
[WhiteElo "812"]
[BlackElo "1067"]
[PlyCount "111"]
[EventDate "2020.11.12"]
[WhiteTeam "Rhodes Avenue Rooks"]
[BlackTeam "Manchester Juniors E"]

1. e4 e5 2. Nf3 Nc6 3. Nc3 Bc5 4. Bc4 d6 5. d3 Nf6 6. Be3 Be6 7. O-O O-O 8. h3
h6 9. a3 Qe7 10. Qd2 a6 11. Rfe1 b5 12. Bxe6 fxe6 13. Bxc5 dxc5 14. Nh4 Rad8
15. Ng6 Qf7 16. Nxf8 Qxf8 17. f3 Nd4 18. b4 cxb4 19. axb4 Ra8 20. Red1 c5 21.
bxc5 Qxc5 22. Rdc1 b4 23. Ne2 b3 24. Nxd4 Qxd4+ 25. Kf1 bxc2 26. Rxc2 Qxa1+ 27.
Rc1 Qd4 28. Rc4 Qd6 29. g4 Rb8 30. Qc2 Rd8 31. Ke2 Qxd3+ 32. Qxd3 Rxd3 33. Kxd3
h5 34. Rc8+ Kf7 35. Rc7+ Kg6 36. Ra7 hxg4 37. hxg4 Kg5 38. Ke3 Nxg4+ 39. fxg4
Kxg4 40. Rxg7+ Kh5 41. Re7 Kg5 42. Rxe6 a5 43. Rxe5+ Kf6 44. Rxa5 Ke6 45. e5
Kf5 46. Kd4 Ke6 47. Ra6+ Kf5 48. Kd5 Kf4 49. e6 Kf5 50. e7 Kg5 51. e8=R Kh5 52.
Ra7 Kh6 53. Rf7 Kg6 54. Ref8 Kh6 55. Rg8 Kh5 56. Rh7# 1-0

[Event "Junior Online 4NCL Division 4"]
[Site "online"]
[Date "2020.11.12"]
[Round "7.6"]
[White "Winser, Frederick"]
[Black "Balsys, Leo"]
[Result "0-1"]
[WhiteElo "925"]
[BlackElo "875"]
[PlyCount "70"]
[EventDate "2020.11.12"]
[WhiteTeam "Manchester Juniors E"]
[BlackTeam "Rhodes Avenue Rooks"]

1. e4 e5 2. Nf3 Nc6 3. Nc3 Nf6 4. Bd3 Be7 5. O-O d6 6. Qe2 Bd7 7. b3 Nb4 8. Ba3
Nxd3 9. Qxd3 a6 10. Ng5 h6 11. Nf3 c5 12. b4 cxb4 13. Bxb4 a5 14. Ba3 b6 15.
Rab1 Bc8 16. Qb5+ Bd7 17. Qxb6 Qc8 18. Nd5 Nxd5 19. exd5 Qxc2 20. Rb2 Qc4 21.
Qb7 O-O 22. Qc7 Qxc7 23. Re1 Rfc8 24. Rd1 Qc1 25. Re1 e4 26. Kf1 exf3 27. gxf3
Bh3+ 28. Ke2 Qc4+ 29. d3 Qxd5 30. Rg1 Bg5 31. d4 Qc4+ 32. Kd1 Qc1+ 33. Ke2 Rc2+
34. Rxc2 Qxc2+ 35. Ke1 Qd2# 0-1

[Event "Junior Online 4NCL Division 4"]
[Site "online"]
[Date "2020.11.12"]
[Round "7.7"]
[White "Brown, Alex"]
[Black "Morgan, Alice"]
[Result "0-1"]
[WhiteElo "800"]
[BlackElo "865"]
[PlyCount "52"]
[EventDate "2020.11.12"]
[WhiteTeam "Rhodes Avenue Rooks"]
[BlackTeam "Manchester Juniors E"]

1. e4 e5 2. Bc4 Nf6 3. Qe2 Bc5 4. Qf3 O-O 5. Qf5 Nc6 6. Qh3 d6 7. Nf3 Bxh3 8.
gxh3 Qd7 9. Ng5 Nb4 10. Bb3 Qb5 11. Bxf7+ Rxf7 12. Nxf7 Kxf7 13. d3 Qa4 14. a3
Nxc2+ 15. Kd2 Nxa1 16. b3 Nxb3+ 17. Kc3 Nxc1 18. Kb2 Nxd3+ 19. Kc3 Qd4+ 20. Kd2
Qxe4 21. Nc3 Qxh1 22. Nd5 Bxa3 23. Nxc7 Rc8 24. Nb5 Rc1 25. Nxa3 Ne4+ 26. Kxd3
Qf3# 0-1

[Event "Junior Online 4NCL Division 4"]
[Site "online"]
[Date "2020.11.12"]
[Round "7.8"]
[White "Shaktawat, Shaurya"]
[Black "Wilson, Donnie"]
[Result "0-1"]
[WhiteElo "745"]
[BlackElo "875"]
[PlyCount "82"]
[EventDate "2020.11.12"]
[WhiteTeam "Manchester Juniors E"]
[BlackTeam "Rhodes Avenue Rooks"]

1. d3 e5 2. e3 Bb4+ 3. c3 Ba5 4. Qa4 b6 5. Qe4 c6 6. g4 d5 7. Qxe5+ Qe7 8. Qd4
Nf6 9. b4 c5 10. Qf4 cxb4 11. cxb4 Bxb4+ 12. Bd2 Bxd2+ 13. Kxd2 d4 14. Qxd4 Nc6
15. Qf4 Qb4+ 16. Kc1 Qxf4 17. exf4 Nb4 18. d4 Nxg4 19. a3 Nxf2 20. axb4 Nxh1
21. Bb5+ Bd7 22. Bc4 b5 23. Bd3 Nf2 24. Be4 Nxe4 25. Na3 Nf2 26. Ra2 Nd3+ 27.
Kd2 Nxb4 28. Ne2 Nxa2 29. Kc2 b4 30. Nb1 Nc3 31. Nexc3 bxc3 32. Nxc3 Rc8 33.
Kd3 Bf5+ 34. Ke3 Rxc3+ 35. Kd2 Ra3 36. d5 O-O 37. d6 Rd8 38. h4 Rxd6+ 39. Ke2
Rdd3 40. Kf2 Ra2+ 41. Kg1 Rd1# 0-1

[Event "Junior Online 4NCL Division 4"]
[Site "online"]
[Date "2020.11.12"]
[Round "7.9"]
[White "Pearson, Matt D"]
[Black "Bass, Finn"]
[Result "0-1"]
[WhiteElo "1067"]
[BlackElo "812"]
[PlyCount "68"]
[EventDate "2020.11.12"]
[WhiteTeam "Manchester Juniors E"]
[BlackTeam "Rhodes Avenue Rooks"]

1. e4 e5 2. Bc4 Nc6 3. Nf3 Nf6 4. O-O Bc5 5. d3 d6 6. Be3 Be6 7. Nc3 O-O 8. h3
h6 9. Qe2 Qe7 10. a3 a6 11. b4 Bxe3 12. fxe3 Bxc4 13. dxc4 Nh5 14. Qd2 Ng3 15.
Rf2 f6 16. a4 Nxb4 17. Rb1 a5 18. Kh2 Nh5 19. g4 g6 20. g5 hxg5 21. Rg2 Kg7 22.
Nd5 Qd7 23. Nxb4 axb4 24. Rxb4 b6 25. c5 bxc5 26. Rb7 Rxa4 27. Nxg5 fxg5 28.
Rxg5 Nf6 29. Rf5 Nxe4 30. Qg2 Rxf5 31. h4 Nf2 32. Rb1 Rxh4+ 33. Kg3 Rg4+ 34.
Kh2 Rxg2+ 0-1

[Event "Junior Online 4NCL Division 4"]
[Site "online"]
[Date "2020.11.12"]
[Round "7.10"]
[White "Balsys, Leo"]
[Black "Winser, Frederick"]
[Result "1/2-1/2"]
[WhiteElo "875"]
[BlackElo "925"]
[PlyCount "74"]
[EventDate "2020.11.12"]
[WhiteTeam "Rhodes Avenue Rooks"]
[BlackTeam "Manchester Juniors E"]

1. e4 e5 2. Nf3 Nc6 3. Nc3 Nf6 4. d4 exd4 5. Nxd4 Qe7 6. Nxc6 bxc6 7. Bg5 h6 8.
Bh4 g5 9. Bg3 Nxe4 10. Nxe4 Qxe4+ 11. Be2 Qxg2 12. Rf1 Qe4 13. Bxc7 Bb4+ 14. c3
Be7 15. f3 Qh4+ 16. Bg3 Qa4 17. Qxa4 Rb8 18. Qe4 d5 19. Qe3 Rxb2 20. Bd6 Be6
21. Bxe7 Kxe7 22. f4 Kd6 23. fxg5 hxg5 24. Qg3+ Kc5 25. Qxg5 Rxh2 26. Qe7+ Kb6
27. Qd8+ Kc5 28. c4 Rhxe2+ 29. Kd1 Red2+ 30. Kc1 Rdc2+ 31. Kd1 Rd2+ 32. Ke1
Re2+ 33. Kd1 Red2+ 34. Kc1 Rdc2+ 35. Kd1 Rd2+ 36. Kc1 Rdc2+ 37. Kd1 Rd2+
1/2-1/2

[Event "Junior Online 4NCL Division 4"]
[Site "online"]
[Date "2020.11.12"]
[Round "7.11"]
[White "Morgan, Alice"]
[Black "Brown, Alex"]
[Result "0-1"]
[WhiteElo "865"]
[BlackElo "800"]
[PlyCount "86"]
[EventDate "2020.11.12"]
[WhiteTeam "Manchester Juniors E"]
[BlackTeam "Rhodes Avenue Rooks"]

1. e4 c6 2. Nc3 Qb6 3. Bc4 e5 4. Qh5 Nh6 5. Qxe5+ Be7 6. d3 d6 7. Qh5 d5 8.
exd5 cxd5 9. Bxd5 Qd4 10. Bxh6 Rf8 11. Bxg7 Qxg7 12. Nf3 Bg4 13. Ne5 Bxh5 14.
O-O Qxe5 15. Rfe1 Qg5 16. g3 Qf6 17. a4 Rg8 18. a5 b5 19. axb6 Nc6 20. Ra4 Rd8
21. Bc4 Qf3 22. Bd5 Rxd5 23. Nxd5 Qxd5 24. c4 Qd4 25. b7 Qxd3 26. Ra6 Kd7 27.
Rb1 Qxb1+ 28. Kg2 Qe4+ 29. Kg1 Qf3 30. b4 Bxb4 31. c5 Bg6 32. Kf1 Bd3+ 33. Kg1
Bxa6 34. b8=Q Nxb8 35. c6+ Kxc6 36. h4 Bb7 37. g4 Kc5 38. Kf1 Qg2+ 39. Ke2 Re8+
40. Kd1 Qxf2 41. g5 Qe1+ 42. Kc2 Qd2+ 43. Kb1 Re1# 0-1

[Event "Junior Online 4NCL Division 4"]
[Site "online"]
[Date "2020.11.12"]
[Round "7.12"]
[White "Wilson, Donnie"]
[Black "Shaktawat, Shaurya"]
[Result "1-0"]
[WhiteElo "875"]
[BlackElo "745"]
[PlyCount "31"]
[EventDate "2020.11.12"]
[WhiteTeam "Rhodes Avenue Rooks"]
[BlackTeam "Manchester Juniors E"]

1. e4 Nf6 2. d3 g6 3. e5 Nd5 4. c4 Nb6 5. c5 Nd5 6. d4 Nc6 7. Bc4 Nf4 8. Bxf4
e6 9. Qg4 f5 10. Qg5 Be7 11. Qh6 d5 12. Qg7 Qd7 13. Qxh8+ Kf7 14. Bxd5 exd5 15.
Qxh7+ Ke6 16. Qg8# 1-0

[Event "Junior Online 4NCL Division 4"]
[Site "online"]
[Date "2020.11.12"]
[Round "7.15"]
[White "Kumaar, Sai Chinmayee N"]
[Black "Bhargava, Arnav"]
[Result "1-0"]
[WhiteElo "1472"]
[BlackElo "700"]
[PlyCount "95"]
[EventDate "2020.11.12"]
[WhiteTeam "York"]
[BlackTeam "Uxbridge Juniors D"]

1. d4 d5 2. Bf4 Nf6 3. e3 g6 4. Nf3 Bg7 5. Be2 O-O 6. c4 c6 7. Nbd2 Bf5 8. Rc1
Ne4 9. Nxe4 Bxe4 10. O-O b5 11. b3 bxc4 12. bxc4 Qa5 13. cxd5 cxd5 14. Qb3 Bf5
15. Bb5 a6 16. Be2 Nd7 17. Bc7 Rfb8 18. Bxa5 Rxb3 19. axb3 e5 20. dxe5 Nxe5 21.
Nxe5 Bxe5 22. Rc6 Bd7 23. Rxa6 Rb8 24. Rb6 Ra8 25. Ra6 Rb8 26. b4 Bc8 27. Rb6
Ra8 28. Rc6 h5 29. f4 Bf6 30. Rxf6 Kg7 31. Rc6 Bd7 32. Rc7 Bc8 33. Rfc1 Bf5 34.
R1c3 Kf6 35. Bd3 Bxd3 36. Rxd3 Ke6 37. Rc5 Kd6 38. Rdxd5+ Ke6 39. Re5+ Kd6 40.
Bc7+ Kd7 41. Red5+ Ke6 42. Re5+ Kd7 43. Ba5 Kd6 44. e4 Kd7 45. Rcd5+ Kc6 46.
b5+ Kb7 47. Re7+ Kb8 48. Rd8# 1-0